| 000 | 00649cam a22002053a 4500 | ||
|---|---|---|---|
| 001 | 43909 | ||
| 003 | PGUSA | ||
| 005 | 20140828084012.0 | ||
| 008 | 131008s2013||||xxu|||||s|||||000 | eng d | ||
| 040 |
_aPGUSA _beng |
||
| 042 | _adc | ||
| 100 | 1 | _aCowan, John Pryor | |
| 245 | 1 | 0 |
_aSometub's Cruise on the C. and O. Canal : _bThe narrative of a motorboat vacation in the heart of Maryland _h[electronic resource] / _cJohn Pryor Cowan |
| 260 |
_bProject Gutenberg, _c2013 |
||
| 506 | _aPublic domain in the USA. | ||
| 516 | _aElectronic text | ||
| 830 | 0 |
_aProject Gutenberg _v43909 |
|
| 856 | 4 | 0 | _uhttp://www.gutenberg.org/ebooks/43909 |
| 942 | _cEB | ||
| 999 |
_c273160 _d273160 |
||